Online
Catalog

Ligero de equipaje : (Record no. 14530)

MARC details
000 -CABECERA
campo de control de longitud fija 00792nam a2200229 a 4500
001 - NÚMERO DE CONTROL
campo de control 000014953
005 - FECHA Y HORA DE LA ÚLTIMA TRANSACCIÓN
campo de control 20200929163929.0
008 - DATOS DE LONGITUD FIJA--INFORMACIÓN GENERAL
campo de control de longitud fija 100127s1993 sp 000 0 spa d
020 ## - NÚMERO INTERNACIONAL ESTÁNDAR DEL LIBRO
Número Internacional Estándar del Libro 8429307818
040 ## - FUENTE DE LA CATALOGACIÓN
Centro catalogador/agencia de origen DO-SdBNP
Lengua de catalogación spa
Centro/agencia transcriptor BNPHU
082 ## - NÚMERO DE LA CLASIFICACIÓN DECIMAL DEWEY
Número de clasificación 922.2
Número de documento/Ítem V195L, 1993
049 ## - FONDOS LOCALES (OCLC)
Fondos de biblioteca BNGR
100 1# - ENTRADA PRINCIPAL--NOMBRE DE PERSONA
Nombre de persona Vallés, Carlos G., S. J.,
Fechas asociadas al nombre 1925-
9 (RLIN) 33842
245 10 - MENCIÓN DE TÍTULO
Título Ligero de equipaje :
Resto del título tony de mello, un profeta para nuestro tiempo /
Mención de responsabilidad, etc. Carlos G. Vallés.
250 ## - MENCIÓN DE EDICIÓN
Mención de edición 12a ed.
260 ## - PUBLICACIÓN, DISTRIBUCIÓN, ETC.
Lugar de publicación, distribución, etc. Cantabria, España :
Nombre del editor, distribuidor, etc. Sal Terrae,
Fecha de publicación, distribución, etc. 1993.
300 ## - DESCRIPCIÓN FÍSICA
Extensión 226 p. ;
Dimensiones 21 cm.
490 1# - MENCIÓN DE SERIE
Mención de serie Servidores y testigos
Designación de volumen o secuencia 33
600 10 - PUNTO DE ACCESO ADICIONAL DE MATERIA--NOMBRE DE PERSONA
Nombre de persona MELLO, ANTHONY DE, S.J.,
Fechas asociadas al nombre 1931-1987
Subdivisión general BIOGRAFÍAS
9 (RLIN) 33843
650 #4 - PUNTO DE ACCESO ADICIONAL DE MATERIA--TÉRMINO DE MATERIA
Término de materia o nombre geográfico como elemento de entrada Autores católicos
Subdivisión general Ensayos, conferencias, etc.
9 (RLIN) 33844
830 #0 - PUNTO DE ACCESO ADICIONAL DE SERIE-TÍTULO UNIFORME
Título uniforme Servidores y testigos ;
Designación de volumen o secuencia 33
9 (RLIN) 33845
Holdings
Estado de retiro Estado de pérdida Restricciones de uso No para préstamo Código de colección Localización permanente Ubicación/localización actual Ubicación en estantería Fecha de adquisición Número de inventario Total de préstamos Signatura topográfica completa Código de barras Fecha visto por última vez Precio válido a partir de Tipo de ítem Koha
    Préstamo interno   Monografías: Libros y Folletos General General En catalogación 27.01.2010 LF1   922.2 V195L, 1993 14953-10 25.06.2020 25.06.2020 Préstamo interno

Powered by Koha